| 000 | 00634nam a2200181 4500 | ||
|---|---|---|---|
| 999 |
_c56988 _d56988 |
||
| 003 | Ge_BSU | ||
| 005 | 20190923104547.0 | ||
| 008 | 190923b1971 ge ||||| |||| 00| 0 geo d | ||
| 041 | _ageo | ||
| 080 | _a821.353.1-1 ა-61 | ||
| 100 |
_aანანიძე, ლევან _94209 |
||
| 245 |
_aშენთან ერთად : _bლექსები / _cლევან ანანიძე. |
||
| 264 |
_a ბათუმი : _bსაბჭოთა აჭარა ; _c1971. |
||
| 300 |
_a47გვ. ; _c16 სმ.. |
||
| 653 | _aშენთან ერთად | ||
| 653 | _aლექსები | ||
| 942 |
_2udc _cBK |
||